|
|
|
|
| LEADER |
01283nab#a2200409#ar4500 |
| 001 |
000000586 |
| 003 |
SVKKK |
| 005 |
00000000000000.0 |
| 008 |
c xo e engo |
| FMT |
|
|
|
| 038 |
|
|
|a SVKKK
|
| 040 |
|
|
|a SVKKK
|b slo
|e AACR2
|
| 041 |
0 |
|
|a eng
|b eng
|
| 044 |
|
|
|a xo
|c SK
|
| 080 |
|
|
|a 550.43(234.372.3
|2 1981
|
| 080 |
|
|
|a 552.54"615(234.372.3
|2 1981
|
| 100 |
1 |
|
|a Vozárová, Anna
|4 aut
|
| 242 |
1 |
0 |
|a Chemické údaje a izotop zlúčeniny karbónskych a mezozoických karbonátov vnútorných Západných Karpát
|
| 245 |
1 |
0 |
|a Data on chemical and isotope Composition of Carboniferous and Mesozoik Carbonates of Inner Western Carpathians
|c Vozárová Anna, Ďurkovičová Jarmila, Repčok Ivan
|
| 300 |
|
|
|b Obr. 9, tab. 7,
|
| 504 |
|
|
|a Res. angl., lit. 56 zázn. v angl., češ., nem., slov.
|
| 650 |
0 |
4 |
|a karbonáty
|x zlúčeniny chemické
|
| 650 |
0 |
4 |
|a mezozoikum
|x analýzy
|
| 700 |
1 |
|
|a Repčok, Ivan
|4 aut
|
| 700 |
1 |
|
|a Ďurkovičová, Jarmila
|4 aut
|
| 773 |
0 |
|
|t Slovak geological magazine
|x 1335-96X
|g , č. 2(1995), s. 127-152
|
| 957 |
|
|
|a 5400
|
| 957 |
|
|
|a Košice
|
| 957 |
|
|
|a Turňa
|
| 958 |
|
|
|a MS
|
| 958 |
|
|
|a NB
|
| 958 |
|
|
|a RE
|
| 974 |
|
|
|d 951221
|a 244
|
| 992 |
|
|
|a RBX
|
| BAS |
|
|
|
| 852 |
|
|
|a SVKKK
|b BIB
|
| 998 |
|
|
|a GEO
|